Psychiatric Mental Health Nursing Concepts of Care (Record no. 1351)

MARC details
000 -LEADER
Fixed length control field 00582nam a2200205Ia 4500
003 - CONTROL NUMBER IDENTIFIER
Control field IIN
005 - DATE AND TIME OF LATEST TRANSACTION
Control field 20240201162621.0
008 - FIXED-LENGTH DATA ELEMENTS--GENERAL INFORMATION
Fixed length control field 231217s9999 xx 000 0 und d
020 ## - INTERNATIONAL STANDARD BOOK NUMBER / ISBN
Price Rs.2595.00
International Standard Book Number 9780803610125
040 ## - CATALOGING SOURCE
Original cataloging agency IIN
Language of cataloging English
082 ## - DEWEY DECIMAL CLASSIFICATION NUMBER
Classification number 616.890231
Book Number TOW
100 1# - MAIN ENTRY--PERSONAL NAME
Personal name Townsend, Mary C
245 1# - TITLE STATEMENT
Title Psychiatric Mental Health Nursing Concepts of Care
Statement of responsibility Mary C Townsend
250 ## - EDITION STATEMENT
Edition statement 4th ed
260 ## - IMPRINT
Name of publisher F.A.Davis Company/ Pub.
Place of publication Philadelphia
Date of publication 2003
300 ## - PHYSICAL DESCRIPTION
Page / Vol. No xxx, 957p.
650 1# - SUBJECT ADDED ENTRY--TOPICAL TERM
Topical term Mental Health
Form subdivision Nursing
650 1# - SUBJECT ADDED ENTRY--TOPICAL TERM
Topical term Psychiatric
Form subdivision Nursing
942 ## - ADDED ENTRY ELEMENTS (KOHA)
Koha item type Books
Holdings
Withdrawn status Lost status Damaged status Not for loan Collection code Home library Current library Date acquired Price Total Checkouts Call number Accession number Date last seen Price effective from Koha item type Date checked out
          IDEAL INSTITUTE OF NURSING IDEAL INSTITUTE OF NURSING 17/12/2023 2595.00   616.890231 TOW 1345 17/12/2023 17/12/2023 Books  
          IDEAL INSTITUTE OF NURSING IDEAL INSTITUTE OF NURSING 17/12/2023 2595.00 1 616.890231 TOW 1346 11/04/2025 17/12/2023 Books 09/04/2025
© Ideal Institute Of Nursing, All rights reserved.         Powered by Koha